|
|
|
|
| LEADER |
01348nam a2200301 a 4500 |
| 001 |
GR-Patra4640 |
| 008 |
991022s1986 gr 000 0 gre d |
| 040 |
|
|
|a GrPaTEI
|b gre
|c GR-PaULI
|
| 245 |
0 |
0 |
|a Εισαγωγή στην οικονομική και διοικητική των επιχειρήσεων
|n 1/.
|
| 250 |
|
|
|a 2η εκδ.
|
| 260 |
|
|
|a Θεσσαλονίκη :
|b Παρατηρητής,
|c 1986
|
| 300 |
|
|
|a 551σ. :
|b πίν.
|
| 504 |
|
|
|a Βιβλιογραφία: σ.548-551
|
| 650 |
|
4 |
|a ΑΝΤΑΓΩΝΙΣΤΙΚΟΤΗΤΑ
|
| 650 |
|
4 |
|a ΔΗΜΟΣΙΕΣ ΕΠΙΧΕΙΡΗΣΕΙΣ
|
| 650 |
|
4 |
|a ΔΙΟΙΚΗΤΙΚΗ ΕΠΙΧΕΙΡΗΣΕΩΝ
|
| 650 |
|
4 |
|a ΕΠΙΧΕΙΡΗΣΕΙΣ
|
| 650 |
|
4 |
|a ΚΡΑΤΙΚΗ ΠΑΡΕΜΒΑΣΗ
|
| 650 |
|
4 |
|a ΟΙΚΟΝΟΜΙΚΗ ΕΠΙΧΕΙΡΗΣΕΩΝ
|
| 650 |
|
4 |
|a ΟΙΚΟΝΟΜΙΚΗ ΖΩΗ
|
| 650 |
|
4 |
|a Οικονομική των επιχειρήσεων
|
| 650 |
|
4 |
|a ΠΑΡΑΓΩΓΙΚΟΤΗΤΑ
|
| 700 |
1 |
|
|a Παπαδόπουλος, Δημήτρης Λ.
|
| 710 |
0 |
|
|a Παρατηρητής
|
| 942 |
|
|
|2 ddc
|
| 952 |
|
|
|0 0
|1 0
|2 ddc
|4 0
|6 338_700680000000000_ΠΑΠ
|7 0
|9 285611
|a LISK
|b LISK
|c BSC
|d 2021-01-17
|e 24
|f 1
|g 0.00
|l 0
|o 338.70068 ΠΑΠ
|p 9241005987
|r 2021-01-17 00:00:00
|t 1
|w 2021-01-17
|y BK15
|x 19991024 0 1
|x GrPaTEI
|
| 971 |
|
|
|a .b26521441
|b 16-04-20
|c 23-09-16
|
| 999 |
|
|
|c 166564
|d 166564
|